000 00692nab a2200193 4500
001 244442
003 OSt
005 20250214091838.0
007 tu
008 200917s2020|||||||
040 _aDE-2950
_cDE-2950
245 0 0 _aFällung der Linden bei Stadtpolitik favorisiert
_bUmbau. Die Zukunft der Karl-Marx-Straße in Frankfurt wird viel diskutiert - vor allem die Zukunft der Linden an der Magistrale. Welche Konzepte es, auch zum Erhalt der Bäume, gibt/
_cPhilipp Stepputtis
264 _c2024
653 _aFrankfurt (Oder)
653 _aMagistrale
653 _aLinden
773 0 _g36. Jahrgang (2025) Nr. 33 vom 08.02.2025, S. 19 mit Foto
_tMärkische Oderzeitung
942 _2z
_cA
999 _c373609
_d373609